| 000 | 00568nam a22001697a 4500 | ||
|---|---|---|---|
| 008 | 230410b |||||||| |||| 00| 0 eng d | ||
| 040 |
_aNational Science Library _cNational Science Library |
||
| 080 |
_a338.924(1-77) _bK9 |
||
| 100 | 1 |
_aSingh, Kumar Ramchandra Prasad _96565 |
|
| 245 | _aState and industrialisation of developing countries with special reference to India | ||
| 260 |
_aDelhi: _bSterling Publishers Ltd, _c1969 |
||
| 300 | _a146p. | ||
| 365 |
_b15.00 _cINR |
||
| 650 | _aIndustrialisation | ||
| 653 | _aUnder developed countries | ||
| 942 |
_2udc _cBK |
||
| 999 |
_c19726 _d19726 |
||